Normal view
MARC view
- Drugs
Entry Topical Term
001 - CONTROL NUMBER
- control field: 40068
003 - CONTROL NUMBER IDENTIFIER
- control field: OSt
005 - DATE AND TIME OF LATEST TRANSACTION
- control field: 20160523121102.0
008 - FIXED-LENGTH DATA ELEMENTS
- fixed length control field: 160523|| aca||babn | a|a d
040 ## - CATALOGING SOURCE
- Original cataloging agency: OSt
150 ## - HEADING--TOPICAL TERM
- Topical term or geographic name as entry element: Drugs
450 ## - SEE FROM TRACING--TOPICAL TERM
- Topical term or geographic name entry element: Medicaments
450 ## - SEE FROM TRACING--TOPICAL TERM
- Topical term or geographic name entry element: Medications
450 ## - SEE FROM TRACING--TOPICAL TERM
- Topical term or geographic name entry element: Medicine (Drugs)
450 ## - SEE FROM TRACING--TOPICAL TERM
- Topical term or geographic name entry element: Pharmaceuticals
450 ## - SEE FROM TRACING--TOPICAL TERM
- Topical term or geographic name entry element: Prescription drugs
550 ## - SEE ALSO FROM TRACING--TOPICAL TERM
- Topical term or geographic name entry element: Bioactive compounds
550 ## - SEE ALSO FROM TRACING--TOPICAL TERM
- Topical term or geographic name entry element: Medical supplies
550 ## - SEE ALSO FROM TRACING--TOPICAL TERM
- Topical term or geographic name entry element: Pharmacopoeias
550 ## - SEE ALSO FROM TRACING--TOPICAL TERM
- Topical term or geographic name entry element: Chemotherapy
550 ## - SEE ALSO FROM TRACING--TOPICAL TERM
- Topical term or geographic name entry element: Materia medica
550 ## - SEE ALSO FROM TRACING--TOPICAL TERM
- Topical term or geographic name entry element: Pharmacology
550 ## - SEE ALSO FROM TRACING--TOPICAL TERM
- Topical term or geographic name entry element: Pharmacy